Українське краєзнавство: сторінки історії (Запис № 327622)

МАРК-запис
000 -Лідер
fixed length control field 00729nam a22002657a 4500
003 - Ідентифікатор контрольного номера
control field UA-OsUOA
001 - Контрольний номер
control field 41486
007 - Фіксоване поле фізичного опису
fixed length control field ta
008 - Елементи даних фіксованої довжини – загальна інформація
fixed length control field 20060927b un ||||| |||| 00| 0 ukr d
090 ## - Локальний шифр розміщення
Класифікаційний індекс УДК 908(477)
Авторський знак (НП) Д30
040 ## - Джерело каталогізації
Агенція оригінальної каталогізації UA-OsUOA
Мова каталогізації ukr
Агенція, яка здійснювала перезапис UA-OsUOA
Агенція, яка здійснювала модифікацію UA-OsUOA
041 ## - Код мови
Код мови тексту/ звукової доріжки чи окремого заголовка (П) ukr
080 ## - Індекс Універсальної десяткової класифікації
Індекс Універсальної десяткової класифікації (УДК) (НП) 908(477)
020 ## - Міжнародний стандартний книжковий номер (ISBN)
Міжнародний стандартний книжковий номер (ISBN) (НП) 966-8547-64-0
100 ## - Основне введення – ім’я особи
Ім’я особи (НП) Дем'янчук Г. С.
245 ## - Відомості про назву
Назва (НП) Українське краєзнавство: сторінки історії
260 ## - Публікація, розповсюдження і т.п. (Вихідні дані)
Місце публікації, розповсюдження і т.п. (П) К.
Ім’я/ наймення видавництва, розповсюджувача і т.п. (П) Просвіта
Дата публікації, розповсюдження і т.п. (П) 2006
300 ## - Фізичний опис
Обсяг 296 с.
650 #7 - Додаткове предметне введення – тематичний термін
Тематичний термін чи географічна назва, як елемент введення (НП) 908 Краєзнавство
Джерело заголовка чи терміна UDC
700 ## - Додаткове введення – ім'я особи
Ім’я особи (НП) Дем'янчук Б.Г.
700 ## - Додаткове введення – ім'я особи
Ім’я особи (НП) Дем'янчук А.Г.
942 ## - Додаткові елементи входу (Коха)
Тип елемента Koha Книги
955 ## - Код типу видання за змістом
Код типу видання за змістом (НП) Навчальні видання
Фонди
Стан вилучень Стан втрат Джерело класифікації або схеми стелажів Стан уражень Не для кредиту Постійне місце розташування Поточне розміщення Дата придбання Джерело придбання Вартість, звичайна ціна покупки Інвентарний номер Усього замовленно Повний номер виклику Штрих-код Дата останнього перегляду Ціна ефективна від Тип елемента Koha Код колекції Усього утримується Дата останньої перевірки
    Universal Decimal Classification     АБ - Абонемент НБ АБ - Абонемент НБ 27/09/2006 95/2006 25.00 99080   908(477) Д30 99080 17/01/2022 27/09/2006 Книги      
Withdrawn   Universal Decimal Classification     АБ - Абонемент НБ АБ - Абонемент НБ 27/09/2006 95/2006 25.00 99081   908(477) Д30 99081 13/07/2019 27/09/2006 Книги      
    Universal Decimal Classification     АБ - Абонемент НБ АБ - Абонемент НБ 27/09/2006 95/2006 25.00 99082   908(477) Д30 99082 17/01/2022 27/09/2006 Книги      
    Universal Decimal Classification     АБ - Абонемент НБ АБ - Абонемент НБ 27/09/2006 95/2006 25.00 99083   908(477) Д30 99083 17/01/2022 27/09/2006 Книги      
    Universal Decimal Classification     АБ - Абонемент НБ АБ - Абонемент НБ 27/09/2006 95/2006 25.00 99084   908(477) Д30 99084 17/01/2022 27/09/2006 Книги      
    Universal Decimal Classification     ЧЗ - Читальна зала ЧЗ - Читальна зала 29/01/2007 11/2007 7.00 102626   908(477) Д30 102626 07/02/2022 27/09/2006 Книги      
    Universal Decimal Classification     ЧЗ - Читальна зала ЧЗ - Читальна зала 23/12/2009 136/2009 25.00 125408   908(477) Д30 125408 30/09/2021 27/09/2006 Книги Колекція Жулинського М.Г.    
    Universal Decimal Classification     ЧЗ - Читальна зала ЧЗ - Читальна зала 27/09/2006 95/2006 25.00 99075   908(477) Д30 99075 07/02/2022 27/09/2006 Книги      
Withdrawn   Universal Decimal Classification   Not For Loan ЧЗ - Читальна зала ЧЗ - Читальна зала 27/09/2006 95/2006 25.00 99076   908(477) Д30 99076 13/07/2019 27/09/2006 Книги   1  
    Universal Decimal Classification     ЧЗ - Читальна зала ЧЗ - Читальна зала 27/09/2006 95/2006 25.00 99077 1 908(477) Д30 99077 07/02/2022 27/09/2006 Книги     07/09/2020
    Universal Decimal Classification     ЧЗ - Читальна зала ЧЗ - Читальна зала 27/09/2006 95/2006 25.00 99078   908(477) Д30 99078 07/02/2022 27/09/2006 Книги      
    Universal Decimal Classification     ЧЗ - Читальна зала ЧЗ - Читальна зала 27/09/2006 95/2006 25.00 99079   908(477) Д30 99079 07/02/2022 27/09/2006 Книги      
    Universal Decimal Classification     ЧЗ - Читальна зала ЧЗ - Читальна зала 23/10/2006 110/2006 25.00 99532   908(477) Д30 99532 07/02/2022 27/09/2006 Книги Колекція Пасічника І.Д.